Oscar Nominees (2017) Quiz Stats

 Plays Quiz Updated Mar 4, 2018

Score 0/102 Timer 08:00
1 Play Today
Category Answer % Correct
Best PictureThe Shape of Water
88.4%
Original ScreenplayThe Shape of Water
88.4%
Best EditingThe Shape of Water
88.4%
Best Production DesignThe Shape of Water
88.4%
Best Costume DesignThe Shape of Water
88.4%
Best CinematographyThe Shape of Water
88.4%
Best Sound MixingThe Shape of Water
88.4%
Best Sound EditingThe Shape of Water
88.4%
Best Original ScoreThe Shape of Water
88.4%
Best PictureThree Billboards Outside Ebbing, Missouri
84.2%
Original ScreenplayThree Billboards Outside Ebbing, Missouri
84.2%
Best EditingThree Billboards Outside Ebbing, Missouri
84.2%
Best Original ScoreThree Billboards Outside Ebbing, Missouri
84.2%
Best PictureThe Post
83.4%
Best ActressMeryl Streep - The Post
82.4%
Best PictureLady Bird
79.4%
Original ScreenplayLady Bird
79.4%
Best PictureGet Out
78%
Original ScreenplayGet Out
78%
Best PictureDunkirk
76.9%
Best EditingDunkirk
76.9%
Best Production DesignDunkirk
76.9%
Best CinematographyDunkirk
76.9%
Best Sound MixingDunkirk
76.9%
Best Sound EditingDunkirk
76.9%
Best Original ScoreDunkirk
76.9%
Best PictureDarkest Hour
76%
Best Production DesignDarkest Hour
76%
Best Costume DesignDarkest Hour
76%
Best CinematographyDarkest Hour
76%
Best Makeup & HairstylingDarkest Hour
76%
Best ActorGary Oldman - Darkest Hour
75.2%
Best ActressFrances McDormand - Three Billboards Outside Ebbing, Missouri
72.8%
Best Original Song'Remember Me' - Coco
71.8%
Category Answer % Correct
Best Animated FeatureCoco
71.8%
Best PicturePhantom Thread
71.7%
Best Costume DesignPhantom Thread
71.7%
Best Original ScorePhantom Thread
71.7%
Best PictureCall Me by Your Name
71.3%
Best Original Song'Mystery of Love' - Call Me by Your Name
71.3%
Adapted ScreenplayCall Me by Your Name
71.3%
Best DirectorGuillermo del Toro - The Shape of Water
70.9%
Best ActressSaoirse Ronan - Lady Bird
69.4%
Best ActorDaniel Day-Lewis - Phantom Thread
68.7%
Best Supporting ActorSam Rockwell - Three Billboards Outside Ebbing, Missouri
68.1%
Best Supporting ActorWoody Harrelson - Three Billboards Outside Ebbing, Missouri
66%
Best Sound MixingStar Wars: The Last Jedi
64.5%
Best Sound EditingStar Wars: The Last Jedi
64.5%
Best Visual EffectsStar Wars: The Last Jedi
64.5%
Best Original ScoreStar Wars: The Last Jedi
64.5%
Best ActressMargot Robbie - I, Tonya
63.6%
Best DirectorChristopher Nolan - Dunkirk
62.7%
Best DirectorJordan Peele - Get Out
62.7%
Best ActressSally Hawkins - The Shape of Water
62.2%
Best EditingI, Tonya
61.7%
Best DirectorGreta Gerwig - Lady Bird
60.9%
Best Supporting ActressAllison Janney - I, Tonya
60.3%
Best Supporting ActressOctavia Spencer - The Shape of Water
59.4%
Best ActorTimothée Chalamet - Call Me by Your Name
58.3%
Best ActorDaniel Kaluuya - Get Out
56.3%
Best ActorDenzel Washington - Roman J. Israel, Esq.
55.9%
Best Supporting ActressLaurie Metcalf - Lady Bird
53.7%
Best DirectorPaul Thomas Anderson - Phantom Thread
50.8%
Best Supporting ActorRichard Jenkins - The Shape of Water
50.7%
Best Production DesignBlade Runner 2049
50.4%
Best CinematographyBlade Runner 2049
50.4%
Best Sound MixingBlade Runner 2049
50.4%
Best Sound EditingBlade Runner 2049
50.4%
Category Answer % Correct
Best Visual EffectsBlade Runner 2049
50.4%
Best Animated FeatureThe Boss Baby
47.8%
Best Supporting ActorWillem Dafoe - The Florida Project
46%
Best Original Song'Mighty River' - Mudbound
45.7%
Adapted ScreenplayMudbound
45.6%
Best CinematographyMudbound
45.6%
Adapted ScreenplayLogan
44.8%
Best Original Song'This is Me' - The Greatest Showman
44.1%
Best Supporting ActorChristopher Plummer - All the Money in the World
43.3%
Best Supporting ActressMary J. Blige - Mudbound
43.1%
Best EditingBaby Driver
42.7%
Best Sound MixingBaby Driver
42.7%
Best Sound EditingBaby Driver
42.7%
Best Animated FeatureFerdinand
40.4%
Best Supporting ActressLesley Manville - Phantom Thread
39.8%
Original ScreenplayThe Big Sick
39.7%
Adapted ScreenplayThe Disaster Artist
39.6%
Best Makeup & HairstylingWonder
39%
Best Visual EffectsGuardians of the Galaxy Vol. 2
38.6%
Best Production DesignBeauty and the Beast
35.7%
Best Costume DesignBeauty and the Beast
35.7%
Adapted ScreenplayMolly's Game
33.9%
Best Animated FeatureLoving Vincent
33.9%
Best Visual EffectsWar for the Planet of the Apes
32%
Best Animated FeatureThe Breadwinner
30.3%
Best Costume DesignVictoria & Abdul
30%
Best Makeup & HairstylingVictoria & Abdul
30%
Best Foreign FeatureA Fantastic Woman - Chile
28.7%
Best Foreign FeatureThe Square - Sweden
28.5%
Best Visual EffectsKong: Skull Island
26.8%
Best Original Song'Stand Up for Something - Marshall
23.7%
Best Foreign FeatureLoveless - Russia
23.5%
Best Foreign FeatureThe Insult - Lebanon
20.4%
Best Foreign FeatureOn Body and Soul - Hungary
18%

You're not logged in!

Compare scores with friends on all Sporcle quizzes.
OR
Log In

You Might Also Like...

Show Comments

Extras

Top Quizzes Today


Score Distribution

Your Account Isn't Verified!

In order to create a playlist on Sporcle, you need to verify the email address you used during registration. Go to your Sporcle Settings to finish the process.

Report this User

Report this user for behavior that violates our Community Guidelines.

Details: